Loading...
Cell biology
| Main Author: | |
|---|---|
| Format: | Printed Book |
| Published: |
London
Wiley
2014
|
| Edition: | 7th |
| Subjects: |
| LEADER | 00460nam a22001577a 4500 | ||
|---|---|---|---|
| 020 | |a 9781118318744 | ||
| 082 | |a 571.6 |b KAR/C | ||
| 100 | |a Karp, Gerald | ||
| 245 | |a Cell biology | ||
| 250 | |a 7th | ||
| 260 | |a London |b Wiley |c 2014 | ||
| 300 | |a xiv, 783p. | ||
| 650 | |a Cells | ||
| 942 | |c BK | ||
| 999 | |c 43521 |d 43521 | ||
| 952 | |0 0 |1 0 |4 0 |6 571_600000000000000_KARC |7 0 |8 Stack |9 47479 |a KUCL |b KUCL |c Stack |d 2017-05-18 |l 7 |m 3 |o 571.6 KAR/C |p 44462 |r 2019-09-16 |s 2019-08-03 |w 2017-05-18 |y BK | ||